Kollektiv: Gosudarstvenno-monopolističeskoje regulirovanije ekonomiki

Bibliographic Details
Main Authors: Ľubica, Serdarevićová-Vadňalová (Author), Komínková, Zora (Author)
Format: Article
Language:Slovak
Subjects:

MARC

LEADER 00000nab a2200000Ia 4500
001 vtls010816362
003 SK-MaSNL
005 20260303134751.0
008 230218|1976 xo |||||||||||||||||slo|
035 |a (urnnbn)urn:nbn:sk:snk:ar-a057rh 
035 |a urn:nbn:sk:snk-ab5kr8 
035 |a (uuid)67a501d1-da96-4137-bc9f-29d42d7de290 
040 |a SNKBUCL  |b slo  |c SNKBUCL  |e AACR2 
041 0 |a slo 
044 |a xo  |c SK 
080 |a 070.447  |2 2001 
080 |a 321.01  |2 2001 
080 |a 339.13.012.434  |2 2001 
100 1 |a Ľubica, Serdarevićová-Vadňalová  |4 aut  |9 1155578 
245 1 0 |a Kollektiv: Gosudarstvenno-monopolističeskoje regulirovanije ekonomiki  |c Ľubica Serdarevićová-Vadňalová, Zora Komínková 
650 0 7 |a štát  |2 SNKPH  |9 4689 
650 0 7 |a monopoly  |2 SNKPH  |9 20524 
650 0 7 |a ekonomika  |2 SNKPH  |9 789 
650 0 7 |a ekonomická regulácia  |2 SNKPH  |9 69090 
655 7 |a recenzie  |2 SNKPH  |9 21907 
700 1 |a Komínková, Zora  |4 aut  |9 5453 
773 0 |t Ekonomický časopis : časopis pre ekonomickú teóriu, hospodársku politiku, spoločensko-ekonomické prognózovanie  |g Roč. 24, č. 4 (1976), s. 387-390 
787 0 8 |i Rec.:  |t Gosudarstvenno-monopolističeskoje regulirovanije ekonomiki  |d Kyjev : Naukova dumka, 1972 
954 |a odborná, vedecká literatúra pôvodná (slovenská)  |2 lita 
958 |a OND 
958 |a EUIPO 
958 |a article5 
999 |c 1961639  |d 1963569